| 000 | 01039nam a22002177a 4500 | ||
|---|---|---|---|
| 005 | 20210325191340.0 | ||
| 008 | s2533 th tha d | ||
| 041 | _atha | ||
| 090 | _aว UF625 ส688ก 2533 | ||
| 100 | 0 | _aสาหร่าย วินมูน | |
| 245 | 1 | 0 | _aการพัฒนาระบบการลาดตระเวนทางอากาศเพื่อความมั่นคงของชาติ |
| 260 | 3 |
_aกรุงเทพฯ : _bวิทยาลัยป้องกันราชอาณาจักร, _c2533 |
|
| 300 |
_a96 หน้า : _b ตาราง, ภาพประกอบ ; _c 28 ซม. |
||
| 650 | 0 | 4 | _aการทหาร -- วิจัย |
| 650 | 0 | 4 | _aการป้องกันประเทศ -- ไทย -- วิจัย |
| 650 | 0 | 4 | _aการป้องกันภัยทางอากาศ -- วิจัย |
| 850 | _aNALT | ||
| 942 | _cRSH | ||
| 997 |
_c000000000028165 _kVC |
||
| 998 | _aGENERAL | ||
| 999 |
_c28165 _d28165 |
||